000 01497nam a2200289 a 4500
003 DO-SdBNP
005 20260225123203.0
007 ta
008 220518e2004 dr abo|gr|||| 001 0 spa d
040 _aDO-SdBNP
_bspa
_cBNPHU
082 4 _222
_bP699c
245 1 0 _aPlan Cigua:
_bplan de desarrollo urbano para la Ciénaga y los Guandules /
_cCoordinador, Andrés Navarro; Fotografías, Alexis Peña.
260 _aSanto Domingo :
_bCiudad Alternativa,
_c2004
300 _a93 p. :
_bil., fotogr., mapas
_c27 cm.
505 0 _aIntroducción.
505 0 _aI. Generalidades.
_t1.1 Ubicación del sector Domingo Savio.--
_t1.2 Objetivos.--
_t1.3 Estrategias.--
_t1.4 Política de desarroll.--
_t1.5 Gestión y Marco Jurídico del Plan.
_gII. Plan General.--
_t2.1 Estructuración.--
_t2.2 Programa de desarrollo.--
_t2.3 Plazos de desarrollo de proyectos por programas.--
_gIII. Plan Piloto.--
_t3.1 Estructuración.--
_t3.2 Relación de proyectos.--
_t3.3. Perfiles de proyectos.
590 _aInventariado 2022 / MF
650 4 _954556
_aDesarrollo Urbano
_zRepública Dominicana, La Ciénaga
650 4 _aDesarrollo Urbano
_zRepública Dominicana, Los Guandules
_981646
650 4 _9667
_aRenovación Urbana
_zSanto Domingo (República Dominicana)
650 0 _a
_975889
700 1 _959181
_aNavarro, Andrès
_ecoord.
700 1 _95700
_aPeña, Alexis
_efotogr.
710 2 _a Ciudad Alternativa (Firma comercial : Santo Domingo, República Dominicana)
_981582
910 _aMFeliz
942 _2ddc
_cLBS1
999 _c51761
_d51761